<?xml version="1.0" encoding="UTF-8"?>
<collection xmlns="http://www.loc.gov/MARC21/slim">
 <record>
  <leader>02240nam a22004577a 4500</leader>
  <controlfield tag="001">000132576</controlfield>
  <controlfield tag="003">CZ-PrVSE</controlfield>
  <controlfield tag="005">20100304104812.0</controlfield>
  <controlfield tag="007">ta</controlfield>
  <controlfield tag="008">090415s2003    pl d   frb    001 0 pol d</controlfield>
  <datafield tag="020" ind1=" " ind2=" ">
   <subfield code="a">83-88402-52-8</subfield>
   <subfield code="q">(brož.)</subfield>
  </datafield>
  <datafield tag="040" ind1=" " ind2=" ">
   <subfield code="a">ABA006</subfield>
   <subfield code="b">cze</subfield>
   <subfield code="c">ABA006</subfield>
   <subfield code="d">ABA006</subfield>
  </datafield>
  <datafield tag="041" ind1="0" ind2=" ">
   <subfield code="a">pol</subfield>
   <subfield code="a">cze</subfield>
   <subfield code="a">slo</subfield>
   <subfield code="a">eng</subfield>
   <subfield code="b">eng</subfield>
  </datafield>
  <datafield tag="072" ind1=" " ind2="7">
   <subfield code="a">339.7/.9</subfield>
   <subfield code="x">Světová ekonomika a mezinárodní finance</subfield>
   <subfield code="2">Konspekt</subfield>
   <subfield code="9">4</subfield>
  </datafield>
  <datafield tag="072" ind1=" " ind2="9">
   <subfield code="a">337</subfield>
   <subfield code="x">International economics</subfield>
   <subfield code="2">Conspectus</subfield>
   <subfield code="9">4</subfield>
  </datafield>
  <datafield tag="080" ind1=" " ind2=" ">
   <subfield code="a">339.92</subfield>
   <subfield code="2">MRF</subfield>
  </datafield>
  <datafield tag="080" ind1=" " ind2=" ">
   <subfield code="a">658.114</subfield>
   <subfield code="2">MRF</subfield>
  </datafield>
  <datafield tag="080" ind1=" " ind2=" ">
   <subfield code="a">316.422</subfield>
   <subfield code="2">MRF</subfield>
  </datafield>
  <datafield tag="099" ind1=" " ind2="9">
   <subfield code="a">339.9PRZ</subfield>
  </datafield>
  <datafield tag="111" ind1="2" ind2=" ">
   <subfield code="a">Podniky v podmínkách procesu globalizace a integrace (konference)</subfield>
   <subfield code="d">(2003 :</subfield>
   <subfield code="c">Ostrava, Česko)</subfield>
   <subfield code="7">mzk2004217977</subfield>
  </datafield>
  <datafield tag="245" ind1="1" ind2="0">
   <subfield code="a">Przedsiębiorstwa w obliczu procesów globalizacji i integracji :</subfield>
   <subfield code="b">międzinarodowa konferencja naukowa, Ostrawa 24.-25.04.2003 = Podniky v podmínkách procesu globalizace a integrace : mezinárodní vědecká konference.</subfield>
   <subfield code="n">Tom II /</subfield>
   <subfield code="c">pod redakcją naukową Václava Lednickiego ; rada naukowa konferencji Jiři Kern ... [et al.]</subfield>
  </datafield>
  <datafield tag="246" ind1="3" ind2="1">
   <subfield code="a">Podniky v podmínkách procesu globalizace a integrace</subfield>
  </datafield>
  <datafield tag="260" ind1=" " ind2=" ">
   <subfield code="a">Katowice :</subfield>
   <subfield code="b">Górnośląska Wyższa Szkoła Handlowa,</subfield>
   <subfield code="c">2003</subfield>
  </datafield>
  <datafield tag="300" ind1=" " ind2=" ">
   <subfield code="a">342 s. :</subfield>
   <subfield code="b">il.</subfield>
  </datafield>
  <datafield tag="500" ind1=" " ind2=" ">
   <subfield code="a">Nad názvem: Vysoká škola báňská - Technická univerzita, Ekonomická fakulta v Ostravě, Górnośląska Wyższa Szkoła Handlowa w Katowicach</subfield>
  </datafield>
  <datafield tag="504" ind1=" " ind2=" ">
   <subfield code="a">Obsahuje bibliografické odkazy</subfield>
  </datafield>
  <datafield tag="546" ind1=" " ind2=" ">
   <subfield code="a">Část. polský, český, slovenský a anglický text, anglické resumé u jednotlivých příspěvků</subfield>
  </datafield>
  <datafield tag="650" ind1="0" ind2="7">
   <subfield code="a">ekonomická integrace</subfield>
   <subfield code="7">ph119825</subfield>
   <subfield code="2">czenas</subfield>
  </datafield>
  <datafield tag="650" ind1="0" ind2="7">
   <subfield code="a">podnikání</subfield>
   <subfield code="7">ph115766</subfield>
   <subfield code="2">czenas</subfield>
  </datafield>
  <datafield tag="650" ind1="0" ind2="7">
   <subfield code="a">globalizace</subfield>
   <subfield code="7">ph120568</subfield>
   <subfield code="2">czenas</subfield>
  </datafield>
  <datafield tag="655" ind1=" " ind2="7">
   <subfield code="a">sborníky konferencí</subfield>
   <subfield code="7">fd133333</subfield>
   <subfield code="2">czenas</subfield>
  </datafield>
  <datafield tag="650" ind1="0" ind2="9">
   <subfield code="a">economic integration</subfield>
   <subfield code="2">eczenas</subfield>
  </datafield>
  <datafield tag="650" ind1="0" ind2="9">
   <subfield code="a">business</subfield>
   <subfield code="2">eczenas</subfield>
  </datafield>
  <datafield tag="650" ind1="0" ind2="9">
   <subfield code="a">globalization</subfield>
   <subfield code="2">eczenas</subfield>
  </datafield>
  <datafield tag="655" ind1=" " ind2="9">
   <subfield code="a">proceedings of conferences</subfield>
   <subfield code="2">eczenas</subfield>
  </datafield>
  <datafield tag="700" ind1="1" ind2=" ">
   <subfield code="a">Lednický, Václav,</subfield>
   <subfield code="d">1941-</subfield>
   <subfield code="7">mzk2003175303</subfield>
   <subfield code="4">edt</subfield>
  </datafield>
  <datafield tag="700" ind1="1" ind2=" ">
   <subfield code="a">Kern, Jiří,</subfield>
   <subfield code="d">1938-</subfield>
   <subfield code="7">jx20070618012</subfield>
   <subfield code="4">oth</subfield>
  </datafield>
  <datafield tag="993" ind1=" " ind2=" ">
   <subfield code="a">004131767</subfield>
  </datafield>
  <datafield tag="996" ind1=" " ind2=" ">
   <subfield code="1">PSKLA</subfield>
   <subfield code="3">F201545/II</subfield>
   <subfield code="4">N:G</subfield>
   <subfield code="5">3142222197</subfield>
   <subfield code="8">20090415</subfield>
   <subfield code="9">339.9PRZ</subfield>
   <subfield code="f">81</subfield>
   <subfield code="l">UEP01</subfield>
   <subfield code="m">BOOK</subfield>
   <subfield code="q">Knihovna Žižkov - sklad</subfield>
   <subfield code="t">na 1 měsíc</subfield>
   <subfield code="u">UEP01</subfield>
   <subfield code="w">20090525</subfield>
  </datafield>
 </record>
</collection>
